000 00579cam a2200217 4500
001 2670188
005 20180129034456.0
008 740729s1974 ohua b 001 0 eng
010 _a 73082037
020 _a0538079606
040 _aDLC
_cDLC
_dDLC
041 _aeng
080 _a658.4008 RIC
082 0 0 _a658.4008 RIC
100 1 _a53
101 _aMEN
245 1 0 _aReadings in management.
_c[Edited by] Max D. Richards [and] William A. Nielander.
504 _aIncludes bibliographies.
906 _a7
_bcbc
_corignew
_d2
_eopcn
_f19
_gy-gencatlg
942 _2ddc
_cBK
999 _c41119
_d41119